| 000 | 00640nam a2200133Ia 4500 | ||
|---|---|---|---|
| 008 | 171212s9999 xx 000 0 und d | ||
| 020 | _a9780833080288 | ||
| 100 | _aJohnson, David E.;Markel, M. Wade;Shannon, Brian | ||
| 245 |
_cJohnson, David E.;Markel, M. Wade;Shannon, Brian _aThe 2008 Battle of Sadr City _bReimagining Urban Combat |
||
| 260 |
_bRAND Corporation _c2013 |
||
| 650 | _aHistory | ||
| 650 | _aSadr City, Battle of, Baghdad, Iraq, 2008; Iraq War, 2003-2011 -- Campaigns -- Iraq -- Baghdad; Iraq War, 2003-2011 -- Urban warfare; Counterinsurgency -- Iraq -- Baghdad | ||
| 856 | _uhttp://www.jstor.org/stable/10.7249/j.ctt5vjw0d | ||
| 999 |
_c352608 _d352608 |
||